000 01023nam a22002417a 4500
005 20240530110535.0
008 160329s2013 ua g b 000 0 ara d
017 _a2013/2750
_bمصر . دار الكتب المصرية
020 _a9789773011918
040 _aEG-CaGPL
082 0 4 _221
_a355.03353\
_bأ ر
100 0 _aاسامة عبدالرحمن
245 1 2 _aالربيع العربى و علاقته بالامن القومى /
_cاعداد اسامة عبدالرحمن ؛ مراجعة صابر عمر
260 _aالقاهرة :
_bهبة النيل العربية للنشر و التوزيع ،
_c2013 .
300 _a215 ص ؛
_c24 سم .
504 _aيشتمل على ارجاعات ببليوجرافية
650 0 4 _aالامن العربى
651 0 4 _aالعالم العربى
_xالامن القومى
651 0 4 _aالعالم العربى
_xتاريخ
_xالثورات
700 0 _a صابر عمر
_eمراجع
942 _2ddc
_cBK
999 _c62171
_d62171